| 000 | 01185nam0a22002651 4500 | ||
|---|---|---|---|
| 001 | rc\2720424 | ||
| 005 | 20250529130102.0 | ||
| 035 | _a(NLR Aleph) 006848140 | ||
| 090 |
_a6717344 _c6717344 |
||
| 100 | _a20110915d1938 |||y0rusy50 ca | ||
| 101 | 0 | _arus | |
| 102 | _aRU | ||
| 105 | _aa z ||||| | ||
| 200 | 1 |
_aСбор, заготовка и переработка грибов _eИнструкция _fСост. И. А. Лагутин, З. С. Фрейдин |
|
| 210 |
_aМосква _cТип. "Кр. звезда" _d1938 |
||
| 215 |
_a48 с. _cил. _d21 см. |
||
| 225 | 1 |
_aТехническая библиотека кооператора-плодоовощника _fВсес. отраслевое плодоовощное объединение "Центроплодоовощь" _v№ 14 |
|
| 300 | _aВ выпускных данных: "Сост. И. А. Лагутин и З. С. Фрейдин" | ||
| 702 | 1 |
_aФрейдин _bЗ.С. _gЗахар Соломонович _4220 |
|
| 702 | 1 |
_aЛагутин _bИ.А. _gИван Александрович _4220 |
|
| 801 | 0 |
_aRU _bNLR _gpsbo |
|
| 801 | 1 |
_aRU _bELAR _2rusmarc |
|
| 852 |
_aNLR _j38-17/4-14 |
||
| 942 | _cBOOK | ||
| 980 | _aNB | ||